[Event "Ruy Lopez"]
[Site "Gatineau CAN"]
[Date "2022.11.22"]
[Round "4"]
[White "Rioux, Jocelyn"]
[Black "Desjardins, Michel"]
[Result "0-1"]
[WhiteElo "1598"]
[BlackElo "1868"]
[PlyCount "74"]
[EventDate "2022.11.01"]
[EventType "swiss"]
[EventRounds "7"]
[EventCountry "CAN"]

1. d4 d5 2. Bf4 c5 3. e3 Nc6 4. c3 Nf6 5. Nd2 Bf5 6. Ngf3 e6 7. Ne5 Nxe5 8.
Bxe5 Nd7 9. Bg3 Qb6 10. b3 Rc8 11. Be2 cxd4 12. cxd4 Ba3 13. O-O Bb2 14. Rb1
Bc2 15. Qe1 Bxb1 16. Nxb1 Qc6 17. Qd2 Qc2 18. Qxc2 Rxc2 19. Bd3 Rc1 20. Bd6
Rxf1+ 21. Kxf1 e5 22. e4 Bxd4 23. exd5 Bc5 24. Bc7 Ke7 25. Nd2 Rc8 26. Ba5 b6
27. Bc3 Bxf2 28. d6+ Kd8 29. Ne4 Bd4 30. Bd2 Nc5 31. Nxc5 Bxc5 32. Ba6 Rc6 33.
d7 Rf6+ 34. Ke2 Kxd7 35. Bb5+ Kd6 36. b4 Bd4 37. Kd3 Rf2 0-1

[Event "Ruy Lopez"]
[Site "Gatineau CAN"]
[Date "2022.11.22"]
[Round "4"]
[White "Scrieciu, Cristian"]
[Black "Brault, Jean-Francois"]
[Result "1/2-1/2"]
[WhiteElo "1081"]
[BlackElo "1451"]
[PlyCount "65"]
[EventDate "2022.11.01"]
[EventType "swiss"]
[EventRounds "7"]
[EventCountry "CAN"]
[TimeControl "90+30"]

1. d4 Nf6 2. c4 e6 3. Nf3 Bb4+ 4. Bd2 Bxd2+ 5. Qxd2 b6 6. g3 Bb7 7. Bg2 d6 8.
O-O Nbd7 9. Nc3 O-O 10. Rfe1 d5 11. Ne5 a6 12. f4 c5 13. e3 Qc7 14. cxd5 Bxd5
15. Nxd5 Nxd5 16. Rac1 Rad8 17. Nxd7 Rxd7 18. Bxd5 Rxd5 19. Qe2 Qb7 20. dxc5
Rxc5 21. Rxc5 bxc5 22. Rc1 Qb6 23. Rc3 Rc8 24. Ra3 c4 25. Rc3 Rc6 26. Kf2 Qb4
27. Qc2 g6 28. Qc1 Rb6 29. b3 cxb3 30. Rxb3 Qd6 31. Rxb6 Qxb6 32. Qc8+ Kg7 33.
Qc3+ 1/2-1/2

[Event "Ruy Lopez"]
[Site "Gatineau CAN"]
[Date "2022.11.22"]
[Round "4"]
[White "Seguin, Hubert"]
[Black "Villeneuve, Denis"]
[Result "1-0"]
[WhiteElo "1552"]
[BlackElo "1409"]
[PlyCount "86"]
[EventDate "2022.11.01"]
[EventType "swiss"]
[EventRounds "7"]
[EventCountry "CAN"]
[TimeControl "90+30"]

1. e4 d6 2. d4 Nd7 3. Nf3 e5 4. d5 Ndf6 5. Bg5 Be7 6. Nbd2 c6 7. c4 cxd5 8.
Bxf6 Nxf6 9. cxd5 Qa5 10. Bd3 O-O 11. h3 Bd7 12. O-O Rac8 13. Qe2 Nxe4 14. Nxe4
f5 15. Nxd6 Bxd6 16. Nxe5 Bxe5 17. Qxe5 Rce8 18. Qd4 a6 19. a3 Qc7 20. Rfe1 Qd6
21. f4 b5 22. Re5 Re7 23. Rae1 Rfe8 24. Rxe7 Rxe7 25. Rxe7 Qxe7 26. Qe5 Qc5+
27. Kh2 g6 28. h4 Kf7 29. h5 Qf8 30. hxg6+ hxg6 31. Kg1 Qc5+ 32. Kh2 Qf8 33.
Be2 Qh6+ 34. Kg1 g5 35. Bf3 g4 36. d6 Be6 37. Bd5 Bxd5 38. Qxf5+ Ke8 39. Qxd5
g3 40. Qc6+ Kf7 41. Qd7+ Kg8 42. Qe8+ Kg7 43. Qe7+ Kg8 1-0

[Event "Ruy Lopez"]
[Site "Gatineau CAN"]
[Date "2022.11.22"]
[Round "4"]
[White "Simard, Francois"]
[Black "Blais, Robert"]
[Result "1-0"]
[WhiteElo "1386"]
[BlackElo "1542"]
[PlyCount "107"]
[EventDate "2022.11.01"]
[EventType "swiss"]
[EventRounds "7"]
[EventCountry "CAN"]
[TimeControl "5400+30"]

1. e4 e5 2. Nf3 d6 3. d4 exd4 4. Nxd4 Nf6 5. Nc3 Be7 6. Bc4 a6 7. a4 Bd7 8. O-O
Nc6 9. h3 Ne5 10. Bb3 c5 11. Nf3 O-O 12. Bf4 Qc7 13. Nd5 Nxd5 14. Bxd5 Nxf3+
15. Qxf3 Bf6 16. Rad1 Be5 17. Bxe5 dxe5 18. b3 Kh8 19. Rd2 f5 20. Qd3 Rad8 21.
Rfd1 b5 22. axb5 axb5 23. Qg3 f4 24. Qf3 Rf6 25. Ra1 h6 26. Rdd1 g5 27. Ra8 Kh7
28. Rxd8 Qxd8 29. Qc3 Qc7 30. f3 Kg6 31. Kf2 h5 32. Rh1 Ra6 33. Ra1 b4 34. Qb2
Qb6 35. Rxa6 Qxa6 36. Qxe5 Qf6 37. Qxf6+ Kxf6 38. Ke2 Ke5 39. Kd3 Bb5+ 40. Bc4
Bc6 41. c3 h4 42. cxb4 cxb4 43. Ba6 Bd7 44. Kc4 Be6+ 45. Kxb4 Kd4 46. Kb5 Bxb3
47. Bc8 Bc4+ 48. Kc6 Bf1 49. Kd6 Bxg2 50. e5 Bf1 51. Bd7 Bc4 52. e6 Bxe6 53.
Bxe6 Ke3 54. Bg4 1-0

[Event "Ruy Lopez"]
[Site "Gatineau CAN"]
[Date "2022.11.22"]
[Round "4"]
[White "Thompson, Francis"]
[Black "Latreille, Etienne"]
[Result "0-1"]
[WhiteElo "1690"]
[BlackElo "2094"]
[PlyCount "134"]
[EventDate "2022.11.01"]
[EventType "swiss"]
[EventRounds "7"]
[EventCountry "CAN"]

1. g3 d5 2. Nf3 Nd7 3. Bg2 e5 4. d3 Ngf6 5. O-O Bd6 6. Nc3 O-O 7. b3 c6 8. Bb2
a5 9. e4 d4 10. Ne2 Re8 11. Nd2 a4 12. Nc4 Bf8 13. f4 c5 14. h3 b5 15. Nxe5
Nxe5 16. fxe5 Rxe5 17. c3 a3 18. Bc1 Ra6 19. cxd4 cxd4 20. Bf4 Re8 21. Rc1 Bd6
22. Qd2 Nh5 23. Bxd6 Rxd6 24. Rc5 g6 25. g4 Ng7 26. e5 Rd7 27. Bc6 Bb7 28. Bxd7
Qxd7 29. Nf4 h6 30. Qc2 Re7 31. b4 g5 32. e6 Nxe6 33. Nxe6 Qxe6 34. Qf2 Qe3 35.
Qxe3 Rxe3 36. Rxb5 Bc6 37. Rc5 Bb7 38. Ra5 Rxd3 39. Rb1 Rxh3 40. Rb3 Rh1+ 41.
Kf2 Rh2+ 42. Ke1 Be4 43. Raxa3 d3 44. Rxd3 Bxd3 45. Rxd3 Rxa2 46. Rb3 Ra6 47.
b5 Rb6 48. Ke2 Kg7 49. Kd3 Kg6 50. Kc4 f5 51. Kc5 Rb8 52. gxf5+ Kxf5 53. Kc6 g4
54. Kc7 Rg8 55. b6 g3 56. b7 g2 57. Rg3 Rxg3 58. b8=Q g1=Q 59. Qf8+ Ke4 60.
Qe7+ Kf3 61. Qf6+ Kg2 62. Qc6+ Kh2 63. Qxh6+ Rh3 64. Qd2+ Qg2 65. Qd1 Rc3+ 66.
Kd6 Qg3+ 67. Ke7 Re3+ 0-1

[Event "Ruy Lopez"]
[Site "Gatineau CAN"]
[Date "2022.11.29"]
[Round "5"]
[White "Bastien, Andre"]
[Black "Rioux, Jocelyn"]
[Result "1-0"]
[WhiteElo "1736"]
[BlackElo "1598"]
[PlyCount "147"]
[EventDate "2022.11.01"]
[EventType "swiss"]
[EventRounds "7"]
[EventCountry "CAN"]

1. d4 d5 2. Nf3 Nf6 3. e3 Bg4 4. Nbd2 e6 5. Bd3 c5 6. b3 Nc6 7. Bb2 Bd6 8. h3
Bh5 9. c4 Nb4 10. Be2 Bg6 11. O-O Bc2 12. Qc1 Bd3 13. Bxd3 Nxd3 14. Qc3 Nxb2
15. Qxb2 O-O 16. Rac1 cxd4 17. exd4 Rc8 18. Rc2 dxc4 19. bxc4 b6 20. Qb5 Qe8
21. a4 Qxb5 22. axb5 Rfd8 23. Ra1 Rd7 24. Rca2 Bb8 25. Kf1 Ne8 26. Ne5 Rxd4 27.
Nc6 Rd7 28. Ne4 f5 29. Nxb8 Rxb8 30. Ng5 e5 31. Rxa7 Rxa7 32. Rxa7 Nd6 33. Rc7
Rc8 34. Rxc8+ Nxc8 35. Ke2 h6 36. Nf3 e4 37. Ne5 Kf8 38. c5 bxc5 39. Nd7+ Ke7
40. Nxc5 Kd6 41. Na4 Kd5 42. Ke3 Nd6 43. b6 Kc4 44. Kf4 Kb5 45. Ke5 Kc6 46. b7
Nxb7 47. Kxf5 Kd5 48. Nc3+ Kd6 49. Nxe4+ Ke7 50. Kg6 Kf8 51. f4 Nd8 52. Nc5 Kg8
53. f5 Nf7 54. Nd7 Nh8+ 55. Kh5 Nf7 56. f6 gxf6 57. Nxf6+ Kg7 58. Ng4 Kh7 59.
Ne3 Ng5 60. h4 Ne4 61. Kg4 Nf6+ 62. Kf5 Kg7 63. g4 Nh7 64. Nd5 Kf7 65. Nf4 Nf6
66. g5 hxg5 67. hxg5 Nh7 68. g6+ Kg8 69. Ne6 Kh8 70. g7+ Kg8 71. Kg6 Ng5 72.
Kxg5 Kf7 73. Kh6 Kg8 74. Nf4 1-0

[Event "Ruy Lopez"]
[Site "Gatineau CAN"]
[Date "2022.11.29"]
[Round "5"]
[White "Brault, Jean-Francois"]
[Black "Seguin, Hubert"]
[Result "0-1"]
[WhiteElo "1451"]
[BlackElo "1552"]
[PlyCount "84"]
[EventDate "2022.11.01"]
[EventType "swiss"]
[EventRounds "7"]
[EventCountry "CAN"]

1. c4 c5 2. Nc3 Nc6 3. g3 g6 4. Bg2 Bg7 5. Nf3 d6 6. O-O e6 7. d3 Nge7 8. Rb1
O-O 9. a3 Rb8 10. e3 a6 11. Ne2 b5 12. b3 bxc4 13. dxc4 Qc7 14. Nd2 Bd7 15. Bb2
d5 16. Bxg7 Kxg7 17. Qc2 Na5 18. b4 cxb4 19. axb4 Nxc4 20. Nxc4 Qxc4 21. Qxc4
dxc4 22. Nc3 Bc6 23. Rb2 Bxg2 24. Kxg2 Nd5 25. Nxd5 exd5 26. Rd1 Rfd8 27. Kf3
Kf6 28. Ke2 a5 29. b5 Ke6 30. b6 Rb7 31. Kd2 Rdb8 32. Rdb1 Kd6 33. Rb5 Kc6 34.
Rxa5 Rxb6 35. Rba1 Rb2+ 36. Ke1 Rb1+ 37. Rxb1 Rxb1+ 38. Ke2 Rb2+ 39. Ke1 c3 40.
Ra1 Kc5 41. Ra7 Kc4 42. Rxf7 Kd3 0-1

[Event "Ruy Lopez"]
[Site "Gatineau CAN"]
[Date "2022.11.29"]
[Round "5"]
[White "Desjardins, Michel"]
[Black "Latreille, Etienne"]
[Result "1/2-1/2"]
[WhiteElo "1859"]
[BlackElo "2094"]
[PlyCount "81"]
[EventDate "2022.11.01"]
[EventType "swiss"]
[EventRounds "7"]
[EventCountry "CAN"]
[TimeControl "90+30"]

1. e4 c5 2. c3 Nf6 3. e5 Nd5 4. d4 cxd4 5. cxd4 Nc6 6. Nf3 d6 7. Bc4 Nb6 8. Bb5
Bd7 9. Nc3 e6 10. O-O Nb4 11. Bxd7+ Qxd7 12. Bg5 N4d5 13. Ne4 h6 14. Bh4 g5 15.
Bg3 f5 16. exf6 Rd8 17. Re1 g4 18. Nh4 Rg8 19. Nf5 Nc8 20. Rc1 Kf7 21. Ne3 Nxe3
22. Rxe3 Nb6 23. Rec3 Nd5 24. R3c2 Rg6 25. Bh4 Rb8 26. Qd2 Kg8 27. a3 h5 28.
Qd3 Nf4 29. Qb3 Bh6 30. Ng3 Nd5 31. Re1 Nf4 32. Ne4 Kh8 33. Bg3 b6 34. Qb4 Nd3
35. Qc3 Nxe1 36. Qxe1 Bf8 37. Qc1 Rd8 38. Rc7 Qa4 39. Rc4 Qa5 40. Rc7 Qd5 41.
Qc2 1/2-1/2

[Event "Ruy Lopez"]
[Site "Gatineau CAN"]
[Date "2022.11.29"]
[Round "5"]
[White "Hamon, Vincent"]
[Black "Roussel-Lewis, Mathieu"]
[Result "0-1"]
[WhiteElo "1451"]
[BlackElo "1346"]
[PlyCount "55"]
[EventDate "2022.11.01"]
[EventType "swiss"]
[EventRounds "7"]
[EventCountry "CAN"]
[TimeControl "90+30"]

1. d4 d5 2. Nc3 e6 3. Bf4 c5 4. e3 a6 5. Nf3 Nc6 6. Be2 Bd6 7. Bg3 b5 8. Ne5
Nxe5 9. dxe5 Be7 10. O-O Nh6 11. Bf3 Nf5 12. Ne2 Bg5 13. b3 Bxe3 14. c4 Bd4 15.
Nf4 Bxa1 16. Qxa1 Nd4 17. cxd5 Nxf3+ 18. gxf3 exd5 19. e6 O-O 20. Nh5 Qg5 21.
e7 Re8 22. Nf4 Rxe7 23. Ng2 Bh3 24. Kh1 Bxg2+ 25. Kxg2 Rae8 26. Kh1 Qd2 27. Rg1
Re1 28. Qxg7+ 0-1

[Event "Ruy Lopez"]
[Site "Gatineau CAN"]
[Date "2022.11.29"]
[Round "5"]
[White "Legault, Stephane"]
[Black "Jacques, Olivier"]
[Result "0-1"]
[WhiteElo "1485"]
[BlackElo "1282"]
[PlyCount "90"]
[EventDate "2022.11.01"]
[EventType "swiss"]
[EventRounds "7"]
[EventCountry "CAN"]
[TimeControl "60+30"]

1. e4 d5 2. exd5 Qxd5 3. c4 Qe4+ 4. Qe2 Qxe2+ 5. Bxe2 e5 6. Nc3 c6 7. a3 Bf5 8.
d3 Nf6 9. f3 Bc5 10. g4 Bg6 11. h4 h5 12. g5 Nfd7 13. Bd2 Nf8 14. O-O-O Ne6 15.
Ne4 Bd4 16. Nd6+ Ke7 17. Nxb7 Nd7 18. Na5 Rhc8 19. Nb3 Bb6 20. Bb4+ c5 21. Bd2
a5 22. Be3 a4 23. Nd2 Nd4 24. Bxd4 cxd4 25. Ne4 Nc5 26. Nxc5 Bxc5 27. Nh3 Rab8
28. Rd2 Bb6 29. Nf2 Ba5 30. Rc2 Rb3 31. Ne4 Bxe4 32. fxe4 Rcb8 33. Rf1 Bc3 34.
Bxh5 Bxb2+ 35. Kd2 g6 36. Bg4 Bc3+ 37. Ke2 Rxa3 38. c5 Rb2 39. Rfc1 Raa2 40.
Kd1 a3 41. c6 Kd6 42. Rxc3 dxc3 43. Rxc3 Rg2 44. Rc2 Raxc2 45. Bd7 a2 0-1

[Event "Ruy Lopez"]
[Site "Gatineau CAN"]
[Date "2022.11.29"]
[Round "5"]
[White "Scantland, Patrick"]
[Black "Scrieciu, Cristian"]
[Result "1/2-1/2"]
[WhiteElo "1720"]
[BlackElo "1081"]
[PlyCount "131"]
[EventDate "2022.11.01"]
[EventType "swiss"]
[EventRounds "7"]
[EventCountry "CAN"]
[TimeControl "90+30"]

1. d4 Nf6 2. c4 e6 3. Nf3 d5 4. Nc3 Be7 5. Bg5 h6 6. Bh4 O-O 7. e3 Nbd7 8. Qc2
c5 9. cxd5 Nxd5 10. Bxe7 Nxe7 11. Bd3 b6 12. O-O Bb7 13. e4 cxd4 14. Nxd4 Rc8
15. Rfd1 Nf6 16. Nf3 Qc7 17. Qe2 Ng6 18. g3 Ne5 19. Nb5 Nxf3+ 20. Qxf3 Qb8 21.
Rac1 Rxc1 22. Rxc1 Rc8 23. Rxc8+ Qxc8 24. Qf4 a6 25. Nd6 Qc7 26. Nxb7 Qxb7 27.
e5 Nd7 28. Qd4 b5 29. Be4 Qc7 30. f4 Qc5 31. Qxc5 Nxc5 32. Bc2 f6 33. exf6 gxf6
34. b4 Nb7 35. Bb3 Kf7 36. f5 Nd8 37. Kf2 Ke7 38. fxe6 Nxe6 39. Ke3 Kd6 40.
Bxe6 Kxe6 41. Ke4 f5+ 42. Kd4 Kd6 43. h3 h5 44. h4 Ke6 45. Kc5 Ke5 46. Kb6 Ke4
47. Kxa6 Kf3 48. Kxb5 Kxg3 49. Kc5 f4 50. b5 f3 51. b6 f2 52. b7 f1=Q 53. b8=Q+
Kxh4 54. Qb4+ Kg3 55. Qc3+ Kg2 56. Qg7+ Kh1 57. Qb7+ Qg2 58. Qf7 h4 59. Kd4 h3
60. Ke3 Kg1 61. Qf5 h2 62. Qb1+ Qf1 63. Qg6+ Kh1 64. Qg3 Qg1+ 65. Qf2 Qxf2+ 66.
Kxf2 1/2-1/2

[Event "Ruy Lopez"]
[Site "Gatineau CAN"]
[Date "2022.11.29"]
[Round "5"]
[White "Villeneuve, Denis"]
[Black "Simard, Francois"]
[Result "0-1"]
[WhiteElo "1409"]
[BlackElo "1386"]
[PlyCount "132"]
[EventDate "2022.11.01"]
[EventType "swiss"]
[EventRounds "7"]
[EventCountry "CAN"]
[TimeControl "5400+30"]

1. e4 c5 2. Nf3 d6 3. c3 Nc6 4. d4 cxd4 5. cxd4 Nf6 6. Nc3 g6 7. Be2 Bg7 8. h3
O-O 9. O-O Bd7 10. Be3 a6 11. Rc1 Rc8 12. Qd2 Qa5 13. e5 dxe5 14. Nxe5 Nxe5 15.
dxe5 Qxe5 16. f4 Qd6 17. Qxd6 exd6 18. Rcd1 Rfe8 19. Bc1 Rxc3 20. bxc3 Rxe2 21.
Rxd6 Bc6 22. Rd8+ Ne8 23. Rf2 Rxf2 24. Kxf2 Bxc3 25. Be3 Kg7 26. g4 Nf6 27. Rd1
Ne4+ 28. Kg1 b5 29. Bd4+ Bxd4+ 30. Rxd4 f5 31. g5 h6 32. h4 hxg5 33. hxg5 a5
34. a3 Kf7 35. Kf1 Ke6 36. Ke2 Bd5 37. Ke3 Kd6 38. Rd1 b4 39. axb4 axb4 40. Kd4
b3 41. Ra1 b2 42. Rb1 Ng3 43. Rxb2 Nh5 44. Ke3 Kc5 45. Rb1 Kc4 46. Rb6 Bf7 47.
Rb7 Be8 48. Rc7+ Kd5 49. Re7 Ba4 50. Re5+ Kd6 51. Ra5 Be8 52. Ra8 Bf7 53. Rf8
Ke7 54. Rh8 Ke6 55. Ra8 Ke7 56. Ra4 Ke6 57. Rd4 Ke7 58. Kd3 Ke6 59. Kc4 Nxf4
60. Kc5 Ke5 61. Rd7 Ke6 62. Rd6+ Ke5 63. Rd1 Ne6+ 64. Kc6 Nxg5 65. Re1+ Ne4 66.
Kd7 Kf6 0-1

[Event "Ruy Lopez"]
[Site "Gatineau CAN"]
[Date "2022.12.06"]
[Round "6"]
[White "Arsenault, Michel"]
[Black "Rioux, Jocelyn"]
[Result "1-0"]
[WhiteElo "1880"]
[BlackElo "1598"]
[PlyCount "71"]
[EventDate "2022.11.01"]
[EventType "swiss"]
[EventRounds "7"]
[EventCountry "CAN"]

1. e4 c6 2. Nc3 d5 3. Nf3 d4 4. Ne2 c5 5. d3 Nc6 6. g3 e5 7. Bg2 Nf6 8. h3 Be7
9. O-O h6 10. Nd2 g5 11. Nc4 b5 12. Nd2 h5 13. a4 b4 14. Nc4 h4 15. f4 g4 16.
fxe5 gxh3 17. exf6 hxg2 18. Kxg2 Bxf6 19. Bf4 hxg3 20. Rh1 Bg4 21. Qd2 Rh2+ 22.
Rxh2 gxh2 23. Rh1 Ke7 24. Ng3 Qg8 25. Rxh2 Qg6 26. Rh6 Qg7 27. Bd6+ Kd7 28. Qf4
Bd8 29. Bf8 Qxf8 30. Qxg4+ Kc7 31. Qf4+ Kb7 32. Rh7 Ka6 33. Rxf7 Qg8 34. Qd6
Qxf7 35. Qxc6+ Bb6 36. Nd6 1-0

[Event "Ruy Lopez"]
[Site "Gatineau CAN"]
[Date "2022.12.06"]
[Round "6"]
[White "Azar, Sebastien"]
[Black "Raymond, Daniel"]
[Result "1-0"]
[WhiteElo "2001"]
[BlackElo "1748"]
[PlyCount "173"]
[EventDate "2022.11.01"]
[EventType "swiss"]
[EventRounds "7"]
[EventCountry "CAN"]
[TimeControl "60"]

1. e4 c5 2. Nf3 Nc6 3. d4 cxd4 4. Nxd4 Nf6 5. Nc3 e5 6. Ndb5 d6 7. Nd5 Nxd5 8.
exd5 Nb8 9. a4 Be7 10. Bd2 Nd7 11. Be2 Nf6 12. c4 a6 13. Nc3 Bf5 14. a5 O-O 15.
O-O Rc8 16. Na4 Nd7 17. b4 Bg6 18. Qb3 Kh8 19. Be3 f5 20. Nb6 Nxb6 21. Bxb6 Qe8
22. Rac1 Bg5 23. Rcd1 f4 24. f3 Bf5 25. Bd3 Qg6 26. Rfe1 Bxd3 27. Rxd3 Rfe8 28.
Re4 Be7 29. Rc3 Qf6 30. Qc2 Qf7 31. Qd3 Qf8 32. Qc2 Qf7 33. Qb3 Qf8 34. Qd1 Bd8
35. Bf2 Be7 36. Rd3 Red8 37. Rc3 Re8 38. Qc2 Qf7 39. Re1 Bf6 40. Qe4 Red8 41.
Rec1 Be7 42. R3c2 g6 43. h3 Kg8 44. Bb6 Rd7 45. c5 dxc5 46. Bxc5 Bxc5+ 47. Rxc5
Rxc5 48. Rxc5 Qf6 49. Qc4 Qd6 50. Kh2 Kg7 51. Qc3 Re7 52. Rc4 Kf7 53. Qb3 Kg7
54. Re4 Kf6 55. Qc3 Kf5 56. Qc8+ Qd7 57. Qf8+ Rf7 58. Qc5 Qc7 59. Rc4 Qxc5 60.
bxc5 Rd7 61. d6 Ke6 62. Kg1 Kd5 63. Rc1 Kc6 64. Kf1 Kb5 65. Ke2 Kxa5 66. Rb1
Ka4 67. Kd3 Ka3 68. Kc4 Ka2 69. Rb6 a5 70. Kd5 e4 71. fxe4 Rg7 72. Ke6 g5 73.
d7 Rg8 74. Kf7 Ra8 75. Rxb7 h5 76. c6 g4 77. hxg4 hxg4 78. c7 f3 79. c8=Q Rxc8
80. dxc8=R f2 81. Rc2+ Ka3 82. Rxf2 a4 83. Ra7 Kb4 84. Rxa4+ Kxa4 85. Rb2 g3
86. e5 Ka3 87. Rb7 1-0

[Event "Ruy Lopez"]
[Site "Gatineau CAN"]
[Date "2022.12.06"]
[Round "6"]
[White "Blais, Robert"]
[Black "Brault, Jean-Francois"]
[Result "1/2-1/2"]
[WhiteElo "1542"]
[BlackElo "1451"]
[PlyCount "80"]
[EventDate "2022.11.01"]
[EventType "swiss"]
[EventRounds "7"]
[EventCountry "CAN"]
[TimeControl "90+30"]

1. e4 c5 2. Nf3 g6 3. d4 cxd4 4. Nxd4 Bg7 5. Be3 Nc6 6. c3 Nf6 7. Nd2 O-O 8.
Be2 d5 9. Nxc6 bxc6 10. e5 Ne8 11. f4 Nc7 12. g4 e6 13. g5 Re8 14. Nb3 Bf8 15.
h4 Ba6 16. h5 Qd7 17. hxg6 fxg6 18. Rh4 Rec8 19. Bg4 Ne8 20. Nc5 Bxc5 21. Bxc5
Ng7 22. Qd2 Nf5 23. Bxf5 exf5 24. O-O-O Qe6 25. Bd6 d4 26. b3 c5 27. Rdh1 Bb7
28. R1h2 h5 29. gxh6 Kh7 30. c4 a5 31. a4 Bf3 32. R4h3 Bg4 33. Rg3 Rc6 34. Qg2
Rac8 35. Qd5 Qd7 36. Rd2 Re8 37. Kc2 Rec8 38. Qh1 Qe6 39. Qd5 Qd7 40. Qh1 Qe6
1/2-1/2

[Event "Ruy Lopez"]
[Site "Gatineau CAN"]
[Date "2022.12.06"]
[Round "6"]
[White "Lecorre, Joel"]
[Black "Desjardins, Michel"]
[Result "1/2-1/2"]
[WhiteElo "1504"]
[BlackElo "1859"]
[PlyCount "108"]
[EventDate "2022.11.01"]
[EventType "swiss"]
[EventRounds "7"]
[EventCountry "CAN"]

1. e4 d5 2. Nf3 dxe4 3. Ng5 e5 4. d3 Nf6 5. Nc3 Bb4 6. Bd2 O-O 7. Ncxe4 Bxd2+
8. Qxd2 Nd5 9. g3 Nc6 10. Bg2 Nd4 11. c3 Nc6 12. O-O Qe7 13. c4 Nb6 14. f4 h6
15. Nf3 Rd8 16. b3 f5 17. Nc3 e4 18. Rfe1 Qc5+ 19. d4 Nxd4 20. Nxd4 Qxd4+ 21.
Qxd4 Rxd4 22. Rad1 c5 23. Nb5 Rxd1 24. Rxd1 Bd7 25. Nd6 Rb8 26. g4 fxg4 27.
Bxe4 Bc6 28. Bxc6 bxc6 29. Ne4 Rf8 30. Rf1 Nd7 31. Kg2 h5 32. Kg3 Re8 33. Re1
Kf8 34. Kf2 a5 35. Re3 g6 36. Nd6 Ra8 37. Re6 a4 38. Kg3 axb3 39. axb3 Rb8 40.
Kh4 Kg8 41. Rxg6+ Kh7 42. Kxh5 Rxb3 43. Re6 g3 44. hxg3 Rxg3 45. Re7+ Rg7 46.
Rxg7+ Kxg7 47. Kg5 Kf8 48. Ne4 Nb6 49. Nd2 Kf7 50. Kf5 Nd7 51. Ne4 Nb6 52. Nd6+
Ke7 53. Ne4 Nxc4 54. Nxc5 Kf7 1/2-1/2

[Event "Ruy Lopez"]
[Site "Gatineau CAN"]
[Date "2022.12.06"]
[Round "6"]
[White "Scrieciu, Cristian"]
[Black "MacIsaac, Alexandre"]
[Result "0-1"]
[WhiteElo "1081"]
[BlackElo "1670"]
[PlyCount "130"]
[EventDate "2022.11.01"]
[EventType "swiss"]
[EventRounds "7"]
[EventCountry "CAN"]
[TimeControl "90+30"]

1. d4 Nf6 2. c4 e6 3. Nf3 b6 4. g3 Bb7 5. Bg2 d5 6. cxd5 Bxd5 7. Nc3 Bb4 8.
Qa4+ Nc6 9. O-O Bxc3 10. bxc3 O-O 11. c4 Be4 12. d5 Na5 13. dxe6 fxe6 14. Bf4
c6 15. Ne5 Bxg2 16. Kxg2 Nh5 17. Be3 Qc7 18. Nf3 e5 19. Ng5 c5 20. Ne6 Qc6+ 21.
Kg1 Rf6 22. Nxc5 Qc7 23. Ne4 Rc6 24. c5 bxc5 25. Nxc5 Nf6 26. Nd3 Nd5 27. Bd2
Nc4 28. Rfc1 Ndb6 29. Qd1 e4 30. Ne1 Rd8 31. Bf4 Rxd1 32. Bxc7 Rxc1 33. Rxc1
Rxc7 34. Ng2 Rd7 35. Kf1 Rd2 36. Ra1 Na3 37. Ke1 Nbc4 38. Ne3 Nc2+ 39. Nxc2
Rxc2 40. a4 Kf7 41. Kd1 Rd2+ 42. Ke1 Rc2 43. Kd1 Rb2 44. Rc1 Rb4 45. a5 Ke6 46.
e3 Nxa5 47. Rc7 Rb7 48. Rc5 Nb3 49. Rc4 Kd5 50. Ra4 Rc7 51. h3 a5 52. Ke2 Rc2+
53. Ke1 Kc5 54. Rxe4 Kb5 55. Re8 a4 56. Rb8+ Kc4 57. Ra8 Kb4 58. Rb8+ Kc3 59.
Ra8 Ra2 60. e4 Nd4 61. f4 a3 62. e5 Ra1+ 63. Kf2 a2 64. g4 Rh1 65. Rxa2 Rh2+
0-1

[Event "Ruy Lopez"]
[Site "Gatineau CAN"]
[Date "2022.12.06"]
[Round "6"]
[White "Simard, Francois"]
[Black "Masse-Garneau, Anthony"]
[Result "0-1"]
[WhiteElo "1385"]
[BlackElo "1537"]
[PlyCount "58"]
[EventDate "2022.11.01"]
[EventType "swiss"]
[EventRounds "7"]
[EventCountry "CAN"]
[TimeControl "5400+30"]

1. e4 c5 2. Nf3 e6 3. d4 cxd4 4. Nxd4 Nf6 5. e5 Qa5+ 6. Nc3 Qxe5+ 7. Be2 Nc6 8.
Be3 Bb4 9. Qd3 Nd5 10. a3 Bxc3+ 11. bxc3 Nxe3 12. Qxe3 Qxe3 13. fxe3 Nxd4 14.
cxd4 Rb8 15. O-O Ke7 16. Rf2 b6 17. Raf1 f6 18. g4 Bb7 19. Bf3 Bxf3 20. Rxf3
Rbc8 21. R3f2 d5 22. h4 Rc3 23. g5 f5 24. Re2 Rhc8 25. Rff2 Rxa3 26. Kf1 Rcc3
27. Rf3 Ra1+ 28. Kg2 Rc1 29. Rff2 a5 0-1

[Event "Ruy Lopez"]
[Site "Gatineau CAN"]
[Date "2022.12.13"]
[Round "7"]
[White "Azar, Sebastien"]
[Black "Thompson, Francis"]
[Result "1-0"]
[WhiteElo "2001"]
[BlackElo "1690"]
[PlyCount "117"]
[EventDate "2022.11.01"]
[EventType "swiss"]
[EventRounds "7"]
[EventCountry "CAN"]

1. e4 c6 2. d4 d5 3. Nc3 dxe4 4. Nxe4 Bf5 5. Ng3 Bg6 6. h4 h5 7. Nf3 Nd7 8. Bc4
Ngf6 9. O-O e6 10. Qe2 Be7 11. Re1 Nd5 12. Bg5 Bxg5 13. Nxg5 Qe7 14. Bxd5 cxd5
15. f4 Qf6 16. f5 Bxf5 17. Nxf5 Qxf5 18. Rf1 Qg4 19. Qxg4 hxg4 20. Rxf7 Rxh4
21. Re1 e5 22. Rxg7 O-O-O 23. dxe5 Rdh8 24. Kf2 Rf8+ 25. Kg3 Rh6 26. Nf7 Re6
27. Nd6+ Kc7 28. Nb5+ Kd8 29. Nd4 Re7 30. Rxe7 Kxe7 31. Kxg4 Rf2 32. e6 Nf6+
33. Kg3 Rd2 34. Nf5+ Ke8 35. Nd6+ Ke7 36. Nf5+ Ke8 37. e7 Ne4+ 38. Kf4 Rxg2 39.
Ke5 Rg5 40. Ke6 Nc5+ 41. Kf6 Ne4+ 42. Rxe4 Rxf5+ 43. Kxf5 dxe4 44. Kxe4 Kxe7
45. Kd5 Kd7 46. b4 Kc7 47. a4 Kd7 48. c4 Kc7 49. a5 Kd7 50. b5 Kc7 51. c5 Kd7
52. b6 axb6 53. axb6 Kc8 54. Ke6 Kd8 55. Kd6 Kc8 56. Ke7 Kb8 57. Kd7 Ka8 58. c6
bxc6 59. Kc8 1-0

[Event "Ruy Lopez"]
[Site "Gatineau CAN"]
[Date "2022.12.13"]
[Round "7"]
[White "Brault, Jean-Francois"]
[Black "Decarufel-Lebeau, Lucas"]
[Result "1-0"]
[WhiteElo "1451"]
[BlackElo "1389"]
[PlyCount "71"]
[EventDate "2022.11.01"]
[EventType "swiss"]
[EventRounds "7"]
[EventCountry "CAN"]

1. Nf3 b5 2. d4 Bb7 3. e3 e6 4. Bxb5 Bxf3 5. Qxf3 c6 6. Bd3 d5 7. O-O Bd6 8. c4
Nf6 9. c5 Bc7 10. Bd2 a6 11. Bc3 Nbd7 12. Nd2 e5 13. e4 Qe7 14. Rfe1 dxe4 15.
Bxe4 Nxe4 16. Nxe4 f6 17. Rad1 O-O 18. Ng3 g6 19. Qxc6 Rfc8 20. Qd5+ Kf8 21. f4
Qf7 22. dxe5 Re8 23. Qxd7 Re7 24. Qd5 Rd8 25. Qxf7+ Rxf7 26. Rxd8+ Bxd8 27. e6
Rc7 28. b4 Rc6 29. f5 a5 30. a3 Ke8 31. Bd4 axb4 32. axb4 Ra6 33. b5 Ra4 34.
Bf2 Ba5 35. Rd1 Bb4 36. b6 1-0

[Event "Ruy Lopez"]
[Site "Gatineau CAN"]
[Date "2022.12.13"]
[Round "7"]
[White "Rioux, Jocelyn"]
[Black "Masse-Garneau, Anthony"]
[Result "1/2-1/2"]
[WhiteElo "1598"]
[BlackElo "1537"]
[PlyCount "110"]
[EventDate "2022.11.01"]
[EventType "swiss"]
[EventRounds "7"]
[EventCountry "CAN"]
[TimeControl "90+30"]

1. d4 Nf6 2. Bf4 d5 3. e3 e6 4. c3 c5 5. Nf3 b6 6. Nbd2 Be7 7. Bd3 O-O 8. Ne5
Bb7 9. h4 Ne4 10. h5 Bh4 11. g3 Bg5 12. Qg4 Bxf4 13. gxf4 f5 14. Qg2 Nxd2 15.
Kxd2 c4 16. Rag1 Qf6 17. Bxc4 Rc8 18. Bb5 Rc7 19. Qg5 Qxg5 20. Rxg5 Nc6 21.
Nxc6 Bxc6 22. Bxc6 Rxc6 23. f3 Rf8 24. e4 fxe4 25. fxe4 Rxf4 26. exd5 exd5 27.
Rxd5 Rf2+ 28. Kc1 Re6 29. Re5 Rxe5 30. dxe5 Re2 31. Rd1 Rxe5 32. Rd8+ Kf7 33.
Rd7+ Re7 34. Rxe7+ Kxe7 35. Kd2 Ke6 36. Kd3 Kd5 37. Ke3 Kc4 38. Ke4 g6 39. h6
b5 40. Ke5 a5 41. Kf6 Kd3 42. Kg7 g5 43. Kxh7 g4 44. Kg6 g3 45. h7 g2 46. h8=Q
g1=Q+ 47. Kf5 Qf2+ 48. Ke6 Qb6+ 49. Kd5 Kc2 50. Qd4 Qb7+ 51. Kc5 Kxb2 52. c4+
Kxa2 53. Qd2+ Kb3 54. Qd3+ Kb2 55. Qd2+ Kb3 1/2-1/2

[Event "Ruy Lopez"]
[Site "Gatineau CAN"]
[Date "2022.12.13"]
[Round "7"]
[White "Scrieciu, Cristian"]
[Black "Bastien, Andre"]
[Result "0-1"]
[WhiteElo "1081"]
[BlackElo "1736"]
[PlyCount "58"]
[EventDate "2022.11.01"]
[EventType "swiss"]
[EventRounds "7"]
[EventCountry "CAN"]

1. d4 Nf6 2. c4 g6 3. Nc3 d5 4. cxd5 Nxd5 5. e4 Nxc3 6. bxc3 Bg7 7. Bc4 c5 8.
Ne2 O-O 9. O-O Nc6 10. Be3 Bg4 11. f3 Na5 12. Bxf7+ Rxf7 13. fxg4 Rxf1+ 14.
Kxf1 Qd7 15. h3 Rd8 16. Ke1 Qe6 17. Qa4 Qxe4 18. Qxa5 b6 19. Qxa7 Qxe3 20. Qxb6
Rf8 21. Qxc5 Bh6 22. Qd5+ e6 23. Qf3 Rxf3 24. gxf3 Qxf3 25. Rd1 Qh1+ 26. Ng1
Qxg1+ 27. Ke2 Qe3+ 28. Kf1 Qf3+ 29. Ke1 Qxc3+ 0-1